000 00572nam a2200217Ia 4500
003 OSt
005 20220926042031.0
006 a|||||r|||| 00| 0
007 ta
008 220923b |||||||| |||| 00| 0 eng d
037 _cGeneral Book
040 _aRTL
_cRTL
_beng
041 _2eng
_aeng
082 _aY2.58.N4, H9
100 _aSchilesinger Rudolf
_9345770
245 0 _aChanging attitudes in Soviet Russia
260 _c1949
650 _aFamily Sociology
942 _hY2.58.N4, H9
_cGB
_2CC
999 _c668747
_d668747